000 00459nam a2200181Ia 4500
003 OSt
005 20230530094643.0
008 210423s1999 xx 000 0 und d
040 _cAL
041 _aeng
082 _223
_a170 KAIM
100 _aKAITHOLIT (George).
_9116291
245 _aMake optimism your target.
260 _aMumbai
_bBetter Yourself Books
_c1999
365 _b21
_cINR
906 _aMake ; optimism ; target. ; your
942 _2ddc
_cBK
999 _c173568
_d173568